Estudio histórico sobre algunas familias españolas / (Record no. 63822)

MARC details
000 -LEADER
campo de control de longitud fija 00752nam a2200217 i 4500
001 - NÚMERO DE CONTROL
campo de control 63822
003 - IDENTIFICADOR DE NÚMERO DE CONTROL
campo de control ES-MaACL
005 - FECHA Y HORA DE LA ÚLTIMA TRANSACCIÓN
campo de control 20250928123500.0
007 - CAMPO FIJO DE DESCRIPCIÓN FÍSICA--INFORMACIÓN GENERAL
campo de control de longitud fija t|
008 - DATOS DE LONGITUD FIJA--INFORMACIÓN GENERAL
campo de control de longitud fija 031217s1965 sp ||||1| spa d
100 1# - ENTRADA PRINCIPAL--NOMBRE DE PERSONA
Nombre de persona Figueroa y Melgar, Alfonso de.
9 (RLIN) 50804
245 10 - MENCIÓN DEL TÍTULO
Título Estudio histórico sobre algunas familias españolas /
Mención de responsabilidad, etc. Alfonso de Figueroa y Melgar ; [prólogo de Dalmiro de la Válgoma].
260 ## - PUBLICACIÓN, DISTRIBUCIÓN, ETC.
Lugar de publicación, distribución, etc. Madrid :
Nombre del editor, distribuidor, etc. Dawson y Fry,
Fecha de publicación, distribución, etc. 1965.
300 ## - DESCRIPCIÓN FÍSICA
Extensión 2 v., 13 lám. ;
Dimensiones 27 cm.
500 ## - NOTA GENERAL
Nota general Son los T. I-II.
600 34 - PUNTO DE ACCESO ADICIONAL DE MATERIA--NOMBRE DE PERSONA
Nombre de persona Figueroa (Familia)
9 (RLIN) 157573
651 #4 - PUNTO DE ACCESO ADICIONAL DE MATERIA--NOMBRE GEOGRÁFICO
Nombre geográfico España-
Subdivisión general Genealogía.
9 (RLIN) 8199
700 1# - ENTRADA AGREGADA--NOMBRE PERSONAL
Nombre de persona Válgoma y Díaz-Varela, Dalmiro de la,
Fechas asociadas al nombre 1904-1990
9 (RLIN) 112691
852 ## - LOCALIZACIÓN
Ubicación ES-MaACL
Número de control de estantería P-195-Ter
Sublocalización o colección R.56220
Holdings
Estatus retirado Estado de pérdida Estado de daño No para préstamo Biblioteca de origen Biblioteca actual Ubicación en estantería Fecha de adquisición Fuente de adquisición Total de préstamos Signatura topográfica completa Código de barras Visto por última vez Precio de reemplazo Tipo de ítem Koha
        Biblioteca del Ateneo de Madrid Biblioteca del Ateneo de Madrid Depósito 2 17/01/2008     P-195-Ter 1066884 23/02/2023 23/02/2023 Libro impreso